Statistics for Every Young Money Song on the Billboard Hot 100

Click here to take the quiz!

General Stats

  • This quiz has been taken 32 times
    (23 since last reset)
  • The average score is 3 of 5

Answer Stats

#YearSong% Correct
22010BedRock ft. Lloyd
100%
102009Every Girl
60%
502014Trophies ft. Drake
60%
582010Roger That
53%
482010Steady Mobbin' ft. Gucci Mane
33%

Score Distribution

Percentile by Number Answered

Percent of People with Each Score

Your Score History

You have not taken this quiz since the last reset